Kapitálové trhy budúcnosti rozvíjajúce sa krajiny preberajú štafetu
Demografické zmeny a pomer aktívnej populácie k dôchodcom. Podiel vyspelých a rozvíjajúcich sa krajín na svetovom HDP. Definícia jednotlivých skupín krajín. Krajiny emerging markets a svetový trh kapitálu. Rast ázijskych ekonomík. Postupný presun ekonomického ťažiska z USA a Európy do Ázie a Latinsk...
Enregistré dans:
| Auteur principal: | |
|---|---|
| Format: | Chapitre de livre |
| Langue: | slovaque |
| Sujets: | |
| Tags: |
Pas de tags, Soyez le premier à ajouter un tag!
|
MARC
| LEADER | 00000naa$a2200000$$$4500 | ||
|---|---|---|---|
| 001 | 0110486 | ||
| 005 | 20231019091458.7 | ||
| 041 | 0 | |a slo | |
| 044 | |a SK | ||
| 245 | 1 | 0 | |a Kapitálové trhy budúcnosti |b rozvíjajúce sa krajiny preberajú štafetu |c Vladimír Baláž |
| 520 | |a Demografické zmeny a pomer aktívnej populácie k dôchodcom. Podiel vyspelých a rozvíjajúcich sa krajín na svetovom HDP. Definícia jednotlivých skupín krajín. Krajiny emerging markets a svetový trh kapitálu. Rast ázijskych ekonomík. Postupný presun ekonomického ťažiska z USA a Európy do Ázie a Latinskej Ameriky. | ||
| 610 | 2 | 0 | |a USA |
| 610 | 2 | 0 | |a Ázia |
| 610 | 2 | 0 | |a Európa |
| 610 | 2 | 0 | |a Latinská Amerika |
| 610 | 2 | 0 | |a trh kapitálový |
| 610 | 2 | 0 | |a ukazovatele demografické |
| 610 | 2 | 0 | |a produkt domáci hrubý |
| 610 | 2 | 0 | |a volatilita |
| 610 | 2 | 0 | |a nástroje investičné |
| 610 | 2 | 0 | |a rast hospodársky |
| 100 | 1 | |a Baláž, Vladimír | |